000 00183nam a22000857a 4500
999 _c16223
_d16223
003 OSt
008 200624b ||||| |||| 00| 0 eng d
245 _aZoology (Outlines of..)
942 _cBK